书目信息 |
| 题名: |
不是谁都能创业
|
|
| 作者: | 夏广润 , 秋叶 著 | |
| 分册: | ||
| 出版信息: | 北京 北京联合出版公司 2016 |
|
| 页数: | 212页 | |
| 开本: | 24cm | |
| 丛书名: | ||
| 单 册: | ||
| 中图分类: | F272.2 | |
| 科图分类: | ||
| 主题词: | 创业--Chuang Ye | |
| 电子资源: | ||
| ISBN: | 978-7-5502-7586-7 | |
| 000 | 01239nam0 22002771 450 | |
| 001 | 351104 | |
| 005 | 20161011153627.14 | |
| 010 | @a978-7-5502-7586-7@dCNY39.80 | |
| 100 | @a20160530d2016 em y0chiy50 ea | |
| 101 | 0 | @achi |
| 102 | @aCN@b110000 | |
| 105 | @ay z 000yy | |
| 106 | @ar | |
| 200 | 1 | @a不是谁都能创业@ABu Shi Shui Du Neng Chuang Ye@f夏广润,秋叶著 |
| 210 | @a北京@c北京联合出版公司@d2016 | |
| 215 | @a212页@d24cm | |
| 300 | @a黑天鹅图书 | |
| 314 | @a夏广润,前华为人发起的创业投资互助平台(华创俱乐部)理事,武汉华友会会长,从职业人到创业人转型实践者。 | |
| 314 | @a秋叶,本名张志,武汉工程大学副教授,校大学生创新创业中心主任。著有《和秋叶一起学PPT》《秋叶:如何高效阅读一本书》《轻松学会独立思考》等。 | |
| 330 | @a本书是一本帮助目标明确、定位精准的创业者找到合适创业之路的书,主要从以下方面论述:教会有创业想法的人规避风险,敦促创业者打造创业的硬实力,落实创业团队的组建和运作,建议《商业计划书》的写作,以及最终将项目落地。作者结合自己的经历,和读者分享创业的知识和经验,为准备创业的人提供更有效的建议。 | |
| 606 | 0 | @a创业@AChuang Ye |
| 690 | @aF272.2@v5 | |
| 701 | 0 | @a夏广润@AXia Guang Run@4著 |
| 701 | 0 | @a秋叶@AQiu Ye@4著 |
| 801 | 0 | @aCN@bTANGWEI@c20160811 |
| 905 | @b0893141-5@dF272.2@e1299@f5 | |
| 不是谁都能创业/夏广润,秋叶著.-北京:北京联合出版公司,2016 |
| 212页;24cm |
| 黑天鹅图书 |
| ISBN 978-7-5502-7586-7:CNY39.80 |
| 本书是一本帮助目标明确、定位精准的创业者找到合适创业之路的书,主要从以下方面论述:教会有创业想法的人规避风险,敦促创业者打造创业的硬实力,落实创业团队的组建和运作,建议《商业计划书》的写作,以及最终将项目落地。作者结合自己的经历,和读者分享创业的知识和经验,为准备创业的人提供更有效的建议。 |
| ● |
| 相关链接 |
|
|
|
|
正题名:不是谁都能创业
索取号:F272.2/1299
 
预约/预借
| 序号 | 登录号 | 条形码 | 馆藏地/架位号 | 状态 | 备注 |
| 1 | 0893141 | 208931414 | 第一样本阅览室/ [索取号:F272.2/1299] | 在馆 | |
| 2 | 0893142 | 208931423 | 密集书库-海洋学院/ [索取号:F272.2/1299] | 在馆 | |
| 3 | 0893143 | 208931432 | 第一借阅区/ [索取号:F272.2/1299] | 在馆 | |
| 4 | 0893144 | 208931441 | 第一借阅区/ [索取号:F272.2/1299] | 在馆 | |
| 5 | 0893145 | 208931450 | 第一借阅区/ [索取号:F272.2/1299] | 在馆 |